[Event "FICGS class A 000094 email"]
[Site "FICGS email"]
[Date "2011.05.12"]
[Round "1"]
[White "Swijsen, Lars"]
[Black "Biror, Zvulun"]
[Result "0-1"]
[WhiteElo "2000"]
[BlackElo "2000"]
[PlyCount "38"]
[EventDate "2011.??.??"]
[EventType "tourn (corr)"]
[EventRounds "6"]
[SourceTitle "Corr 2013"]
[Source "ChessBase"]
[SourceDate "2012.11.12"]
[SourceVersion "1"]
[SourceVersionDate "2012.11.12"]
[SourceQuality "1"]

1. e4 c5 2. c3 Nf6 3. e5 Nd5 4. d4 cxd4 5. cxd4 d6 6. Nf3 Nc6 7. Bc4 Nb6 8. Bb5 d5 9. 0-0 Bg4 10. h3 Bxf3 11. Qxf3 e6 12. Nc3 Be7 13. Qg4 Kf8 14. Bxc6 bxc6 15. f4 h5 16. Qf3 g6 17. g4 hxg4 18. hxg4 Bb4 19. f5 gxf5 0-1